[Event "Chess24 Banter QualG 2020"]
[Site "chess24.com INT"]
[Date "2020.09.15"]
[Round "1.7"]
[White "Sjugirov, S."]
[Black "Ramirez, Alej"]
[Result "1-0"]
[WhiteElo "2675"]
[BlackElo "2567"]
[PlyCount "95"]
[EventDate "2020.09.15"]
[EventType "k.o. (blitz)"]
[EventRounds "3"]
[SourceTitle "The Week in Chess 1350"]
[Source "Mark Crowther"]
[SourceDate "2020.09.21"]
[SourceVersion "1"]
[SourceVersionDate "2020.09.21"]
[SourceQuality "2"]

1. d4 Nf6 2. Bg5 c5 3. Bxf6 gxf6 4. d5 Qb6 5. Qc1 f5 6. e3 Bg7 7. c3 e6 8. Bc4
Na6 9. Ne2 Nc7 10. Nf4 Bh6 11. Qd2 d6 12. O-O O-O 13. Na3 Bd7 14. Rad1 e5 15.
Nh5 f6 16. f4 Rae8 17. Kh1 Re7 18. Qf2 Kh8 19. Bb3 Ne8 20. Qh4 Qd8 21. Ng3 Bg7
22. Bc2 Qc8 23. Qh5 e4 24. Nc4 b5 25. Na5 Nc7 26. Nc6 Ree8 27. b4 Nxd5 28. Rxd5
Qxc6 29. Rfd1 cxb4 30. Rxd6 Qxc3 31. Rxd7 Qxc2 32. Nxf5 Rg8 33. Nxg7 Rxg7 34.
Rg1 Reg8 35. Rxg7 Rxg7 36. Qxb5 Qc3 37. Qe8+ Rg8 38. Qxe4 Rf8 39. Qe7 Rg8 40.
e4 h6 41. e5 fxe5 42. Qf6+ Rg7 43. fxe5 Kh7 44. Qf5+ Kg8 45. Rd1 Rf7 46. Qg6+
Kf8 47. Rd8+ Ke7 48. Qd6# 1-0

[Event "Chess.com Bullet Open 1"]
[Site "chess.com INT"]
[Date "2020.12.19"]
[Round "18"]
[White "Sjugirov, S."]
[Black "Pichot, A."]
[Result "1-0"]
[WhiteElo "2663"]
[BlackElo "2630"]
[PlyCount "53"]
[EventDate "2020.12.19"]
[EventType "swiss (blitz)"]
[EventRounds "21"]
[SourceTitle "The Week in Chess 1363"]
[Source "Mark Crowther"]
[SourceDate "2020.12.21"]
[SourceVersion "1"]
[SourceVersionDate "2020.12.21"]
[SourceQuality "2"]

1. d4 Nf6 2. Bg5 d5 3. Bxf6 gxf6 4. c4 c6 5. Nc3 dxc4 6. e3 b5 7. a4 b4 8. Ne4
Qd5 9. Nd2 c3 10. bxc3 bxc3 11. Nb1 Qa5 12. Qc2 e6 13. Bd3 Bb4 14. Ne2 Ba6 15.
Bxa6 Nxa6 16. O-O c5 17. Nbxc3 cxd4 18. Nb5 dxe3 19. Qc6+ Kf8 20. Qxa8+ Kg7 21.
Qf3 Bc5 22. fxe3 f5 23. Kh1 Nb4 24. Ned4 Rd8 25. Nxf5+ exf5 26. Qxf5 Qc7 27.
Nxc7 1-0

[Event "Euro Online Blitz Quali"]
[Site "Tornelo INT"]
[Date "2020.12.18"]
[Round "3.6"]
[White "Sjugirov, S."]
[Black "Gazik, Viktor"]
[Result "1-0"]
[WhiteElo "2663"]
[BlackElo "2542"]
[PlyCount "89"]
[EventDate "2020.12.18"]
[EventType "blitz"]
[SourceTitle "The Week in Chess 1363"]
[Source "Mark Crowther"]
[SourceDate "2020.12.21"]
[SourceVersion "1"]
[SourceVersionDate "2020.12.21"]
[SourceQuality "2"]

1. d4 Nf6 2. Bg5 e6 3. Nf3 h6 4. Bh4 d6 5. Nbd2 Be7 6. e4 b6 7. c3 O-O 8. Bd3
Bb7 9. O-O c5 10. Re1 Nbd7 11. h3 a6 12. Rc1 Rc8 13. a4 Qc7 14. Bg3 Qb8 15. Qe2
Qa8 16. Rcd1 Rfe8 17. Bh2 Nf8 18. Nc4 Rc6 19. d5 exd5 20. exd5 Nxd5 21. Nxd6
Rxd6 22. Bxd6 Ne6 23. Bxe7 Ndf4 24. Qe3 Bxf3 25. Qxf3 Qxf3 26. gxf3 Rxe7 27.
Bxa6 Nxh3+ 28. Kf1 Ra7 29. Bb5 Nhg5 30. Re3 h5 31. Rd6 Rb7 32. Re5 g6 33. f4
Nf3 34. Red5 Nxf4 35. Rd8+ Kg7 36. R5d7 Rxd7 37. Rxd7 h4 38. Bc6 Ne5 39. Rc7
Nc4 40. b4 h3 41. Bh1 Nd2+ 42. Ke1 Nb3 43. a5 bxa5 44. b5 Ne6 45. Ra7 1-0

[Event "Euro Online Blitz Quali"]
[Site "Tornelo INT"]
[Date "2020.12.18"]
[Round "9.17"]
[White "Sjugirov, S."]
[Black "Iskandarov, M."]
[Result "1-0"]
[WhiteElo "2663"]
[BlackElo "2535"]
[PlyCount "75"]
[EventDate "2020.12.18"]
[EventType "blitz"]
[SourceTitle "The Week in Chess 1363"]
[Source "Mark Crowther"]
[SourceDate "2020.12.21"]
[SourceVersion "1"]
[SourceVersionDate "2020.12.21"]
[SourceQuality "2"]

1. d4 Nf6 2. Bg5 d5 3. Bxf6 gxf6 4. c4 e6 5. Nc3 dxc4 6. e3 c5 7. Bxc4 Nc6 8.
Nf3 a6 9. d5 Na5 10. Be2 b5 11. O-O Bb7 12. dxe6 fxe6 13. Qc2 Qc7 14. Rfd1 Be7
15. Ne4 O-O 16. b4 Nc6 17. bxc5 Nb4 18. Qb3 Nd5 19. Nd4 Qe5 20. c6 Bc8 21. Bf3
Ra7 22. Rac1 Nb6 23. Nc3 Kh8 24. a4 b4 25. Nce2 Qa5 26. Nxe6 Qxa4 27. Qxa4 Nxa4
28. Nxf8 Rc7 29. Nd7 b3 30. Rd4 b2 31. Rb1 Nc5 32. Nxc5 Bxc5 33. Rd8+ Kg7 34.
Rxb2 a5 35. Nd4 Be7 36. Re8 Kf7 37. Bh5+ Kg7 38. Rb8 1-0

[Event "Chess.com Bullet Open 1"]
[Site "chess.com INT"]
[Date "2020.12.19"]
[Round "8"]
[White "Sjugirov, S."]
[Black "Oparin, G."]
[Result "1-0"]
[WhiteElo "2663"]
[BlackElo "2652"]
[PlyCount "71"]
[EventDate "2020.12.19"]
[EventType "swiss (blitz)"]
[EventRounds "21"]
[SourceTitle "The Week in Chess 1363"]
[Source "Mark Crowther"]
[SourceDate "2020.12.21"]
[SourceVersion "1"]
[SourceVersionDate "2020.12.21"]
[SourceQuality "2"]

1. d4 Nf6 2. Bg5 e6 3. e3 Be7 4. Nf3 d5 5. Nbd2 Nbd7 6. Bd3 b6 7. Qe2 Bb7 8.
Ne5 Nxe5 9. dxe5 Nd7 10. Bxe7 Qxe7 11. f4 O-O-O 12. O-O-O Nc5 13. Nf3 Kb8 14.
Kb1 h6 15. a3 a5 16. Rhf1 Ka7 17. Nd4 Nxd3 18. cxd3 Kb8 19. Rc1 Qd7 20. b4 Rc8
21. Qd2 c5 22. bxc5 bxc5 23. Nb3 Qb5 24. Ka2 a4 25. Na5 Rc7 26. Rb1 Qa6 27. Rb2
Ka8 28. Rfb1 Rb8 29. Rb6 Qa7 30. R1b5 c4 31. dxc4 dxc4 32. Qc3 Rd7 33. Nxc4 Rc7
34. Ra5 Rxc4 35. Rxa7+ Kxa7 36. Qa5+ 1-0

[Event "Speed Chess Super Swiss"]
[Site "chess.com INT"]
[Date "2020.10.03"]
[Round "6"]
[White "Sjugirov, S."]
[Black "Livaic, Leon"]
[Result "1-0"]
[WhiteElo "2675"]
[BlackElo "2507"]
[PlyCount "135"]
[EventDate "2020.10.03"]
[EventType "swiss (blitz)"]
[EventRounds "15"]
[SourceTitle "The Week in Chess 1352"]
[Source "Mark Crowther"]
[SourceDate "2020.10.05"]
[SourceVersion "1"]
[SourceVersionDate "2020.10.05"]
[SourceQuality "2"]

1. d4 Nf6 2. Bg5 c5 3. Bxf6 exf6 4. Nf3 Qb6 5. b3 d5 6. e3 Be6 7. Be2 Nc6 8. c3
Bd6 9. O-O O-O 10. Nbd2 f5 11. g3 Rac8 12. dxc5 Bxc5 13. Bd3 Bxe3 14. Kg2 Bc5
15. b4 Bd6 16. Nb3 f4 17. Ng5 g6 18. Qd2 Ne5 19. Rae1 f3+ 20. Kg1 Bd7 21. Nd4
Rfe8 22. Ngxf3 Nxf3+ 23. Nxf3 Qc7 24. Rxe8+ Rxe8 25. a3 Rc8 26. Rc1 Bf8 27. Bf1
Bg7 28. Nd4 a6 29. h4 h5 30. Bg2 Qd6 31. Ne2 Be6 32. Nf4 Bh6 33. c4 Bxf4 34.
gxf4 d4 35. c5 Qd7 36. a4 Rd8 37. c6 bxc6 38. Bxc6 Qe7 39. b5 axb5 40. axb5 Qa7
41. Qb4 Qb6 42. Qc5 Qxc5 43. Rxc5 d3 44. Bf3 d2 45. Bd1 Bg4 46. f3 Bxf3 47.
Bxf3 d1=Q+ 48. Bxd1 Rxd1+ 49. Kf2 Rb1 50. Ke3 Kg7 51. Kd4 Kf6 52. Kd5 Kf5 53.
Kc6+ Kxf4 54. b6 Rxb6+ 55. Kxb6 f6 56. Rc4+ Kf5 57. Kc5 g5 58. hxg5 fxg5 59.
Kd4 Kf4 60. Kd3+ Kf3 61. Rc8 Kf4 62. Rf8+ Ke5 63. Ke2 h4 64. Kf2 g4 65. Kg2 Ke4
66. Rh8 Kf4 67. Rxh4 Kg5 68. Kg3 1-0

[Event "Rubinstein Memorial 38th"]
[Site "Polanica Zdroj"]
[Date "2006.08.23"]
[Round "4"]
[White "Socko, Bartosz"]
[Black "Bobras, Piotr"]
[Result "1-0"]
[WhiteElo "2621"]
[BlackElo "2535"]
[PlyCount "53"]
[EventDate "2006.08.20"]
[EventType "tourn"]
[EventRounds "9"]
[EventCountry "POL"]
[EventCategory "13"]
[SourceTitle "CBM 113 Extra"]
[Source "ChessBase"]
[SourceDate "2006.09.14"]
[SourceVersion "1"]
[SourceVersionDate "2006.09.14"]
[SourceQuality "1"]

1. d4 Nf6 2. Bg5 Ne4 3. Bf4 c5 4. f3 Qa5+ 5. c3 Nf6 6. Nd2 cxd4 7. Nb3 Qb6 8.
Qxd4 Nc6 9. Qxb6 axb6 10. Be3 e5 11. Bxb6 d5 12. e4 Be6 13. Nc5 Bxc5 14. Bxc5
Nd7 15. exd5 Nxc5 16. dxe6 Nb3 17. Rb1 Rxa2 18. Bc4 Nca5 19. exf7+ Ke7 20. Bd5
Rd8 21. Rd1 Ra1 22. Bxb3 Nxb3 23. Rxa1 Nxa1 24. Nh3 Nb3 25. Ng5 Rd2 26. O-O
Rxb2 27. Re1 1-0

[Event "Rubinstein Memorial 38th"]
[Site "Polanica Zdroj"]
[Date "2006.08.28"]
[Round "9"]
[White "Socko, Bartosz"]
[Black "Heberla, Bartlomiej"]
[Result "1-0"]
[WhiteElo "2621"]
[BlackElo "2551"]
[PlyCount "103"]
[EventDate "2006.08.20"]
[EventType "tourn"]
[EventRounds "9"]
[EventCountry "POL"]
[EventCategory "13"]
[SourceTitle "CBM 113 Extra"]
[Source "ChessBase"]
[SourceDate "2006.09.14"]
[SourceVersion "1"]
[SourceVersionDate "2006.09.14"]
[SourceQuality "1"]

1. d4 Nf6 2. Bg5 d5 3. e3 c5 4. c3 Nc6 5. Bxf6 gxf6 6. dxc5 e6 7. g3 Bxc5 8.
Bg2 Qb6 9. b3 Bd7 10. Ne2 O-O-O 11. O-O Ne5 12. a4 h5 13. b4 Bd6 14. h4 Qc7 15.
Na3 a6 16. Qb3 Rhg8 17. b5 a5 18. b6 Qc5 19. Rfb1 Kb8 20. Nb5 Be7 21. Nbd4 Nc4
22. Qd1 Be8 23. Nf4 Rd6 24. Qxh5 Rxb6 25. Qh7 Rf8 26. h5 Bd7 27. h6 Qc8 28. Qg7
Qe8 29. h7 Rh8 30. Nxd5 exd5 31. Bxd5 Rxb1+ 32. Rxb1 Nd6 33. c4 Qf8 34. Qxf8+
Bxf8 35. c5 Kc7 36. cxd6+ Kxd6 37. Be4 f5 38. Nxf5+ Ke5 39. Bc2 b5 40. f4+ Kf6
41. Nd4 bxa4 42. Rb7 Be6 43. Nxe6 Kxe6 44. Bxa4 Rxh7 45. Bb3+ Kf6 46. g4 Rg7
47. g5+ Kg6 48. Kf2 f6 49. Bc2+ Kh5 50. Rb8 Be7 51. Kf3 fxg5 52. Rh8+ 1-0

[Event "WchT 4th"]
[Site "Luzern"]
[Date "1997.10.30"]
[Round "6.3"]
[White "Speelman, Jonathan S"]
[Black "Kazhgaleyev, Murtas"]
[Result "1-0"]
[WhiteElo "2630"]
[BlackElo "2500"]
[Annotator "Stohl,I"]
[PlyCount "121"]
[EventDate "1997.10.25"]
[EventType "team-tourn"]
[EventRounds "9"]
[EventCountry "SUI"]
[SourceTitle "CBM 062"]
[Source "ChessBase"]
[SourceDate "1998.01.31"]
[SourceVersion "1"]
[SourceVersionDate "1998.01.31"]
[SourceQuality "1"]
[WhiteTeam "England"]
[BlackTeam "Kazakhstan"]
[WhiteTeamCountry "ENG"]
[BlackTeamCountry "KAZ"]

1. d4 {Speelman} Nf6 2. Bg5 Ne4 (2... c5 3. d5 Ne4 4. Bf4 Qb6 5. Bc1 g6 6. f3
Nd6 $5 7. e4 Bg7 8. Nd2 O-O $13) 3. Bf4 c5 4. f3 (4. d5 Qb6 5. Bc1 e6 6. f3 Nf6
7. c4 {-4.f3 Qa5+}) 4... Qa5+ 5. c3 Nf6 6. d5 Qb6 7. Bc1 $5 {An unbelievable
line. White makes 3 moves out of 7 to return his B to it's initial square and
doesn't have a single developed piece. Despite this the position is unclear,
as the misplaced Qb6 will also cost Black time.} (7. b3 $143 e6 8. e4 exd5 9.
exd5 Bd6 10. Nh3 (10. Be3 O-O 11. Na3 Re8 12. Nc4 Qc7 13. Kf2 Bf8 14. a4 d6 15.
Ne2 Nbd7 16. Ng3 b6 17. Bc1 g6 18. Be2 Bb7 19. Ne3 Bg7 20. Ra2 Rxe3 $1 21. Bxe3
Nxd5 $40 {Houska,M-Gullaksen,E/London IM/1997/}) 10... O-O 11. Qd2 Re8+ 12. Be2
c4 13. Bxd6 Qxd6 14. bxc4 b5 15. cxb5 a6 16. c4 axb5 17. cxb5 Qe5 18. Nc3 Nxd5
$40 {Sokolov,I-Smirin,I/Wijk op/1993/}) 7... e6 8. c4 Qb4+ $5 {Black accepts
the offered pawn sacrifice. This has been always considered quite risky, but
the game shows it's not so clear.} (8... exd5 $143 9. cxd5 c4 10. e3 $1 Qa5+ (
10... Bc5 11. Kf2 (11. Na3 $5 Bxa3 12. bxa3 Qc5 13. e4 O-O 14. Ne2 $36) 11...
O-O 12. Bxc4 d6 13. Ne2 Nbd7 14. Nbc3 Ne5 15. Na4 Qb4 16. b3 Nxc4 17. bxc4 Qxc4
18. Nxc5 Qxc5 19. Nf4 Re8 20. Re1 g5 21. Nd3 Qb6 22. Qb3 Qxb3 23. axb3 Nxd5 24.
Ra5 Be6 25. e4 Ne7 26. Rxg5+ $14 {Hodgson,J-Wells,P/Politiken Cup/1996/}) 11.
Nc3 b5 12. Qd4 Bb4 13. Qe5+ Kf8 14. a3 Bb7 $6 15. axb4 Qxa1 16. Nge2 Qa6 17.
Nd4 d6 18. Qf4 $1 Qb6 {Hodgson,J-Stohl,I/Port Erin op/1995/} 19. Ndxb5 Nxd5 20.
Qxd6+ Qxd6 21. Nxd6 Nxc3 22. bxc3 Bd5 23. e4 Be6 24. Bxc4 $16) (8... Qa5+ 9.
Bd2 Qc7 10. Nc3 Bd6 11. e4 a6 12. Bd3 exd5 13. exd5 O-O 14. Nge2 Re8 15. a4
Bxh2 16. Qc2 g6 17. O-O-O Bd6 18. g4 b5 19. g5 b4 20. gxf6 bxc3 21. Bxc3 Be5
22. Bxg6 hxg6 23. Qd2 Bxc3 24. Rh8+ $1 {1-0,Orr,M-McShane,L/Kilkenny/1997/}) 9.
Nc3 (9. Bd2 {Speelman}) 9... Qxc4 10. e4 Qb4 (10... Qd4 11. Bd2 exd5 12. Nge2
$44 {[%csl Rd4] ףd4}) 11. Bd2 (11. a3 {Speelman} Qb6 (11... Qa5 $5) 12. Bc4) (
11. d6 {Speelman} Nc6 12. Bd2 c4 13. f4 e5 $1 (13... Bxd6 14. e5 Nxe5 15. fxe5
Bxe5 16. Nf3) 14. Nf3 Bxd6 15. b3) 11... Qb6 12. Bc4 exd5 (12... d6 13. Nge2 e5
14. a4 Be7 15. g4 h5 16. g5 Nh7 17. Rg1 Nf8 18. f4 exf4 19. Nxf4 Bg4 20. a5 Qc7
21. Qa4+ Bd7 22. Qc2 Na6 23. Nb5 Bxb5 24. Bxb5+ Kd8 25. Bc3 Rh7 26. Bxa6 bxa6
27. O-O-O $44 {[%csl Ra6,Rd6,Rd8,Rg7,Rh5] ->,ע,P,Hartoch,R-Timmerman,G/
Amsterdam/1982/}) 13. Nxd5 Nxd5 14. Bxd5 (14. exd5 {Speelman} Be7 15. Qe2 Qxb2
(15... Kd8 16. O-O-O Bf6 {also looked quite good for Black}) 16. Rc1 (16. d6 $2
Qxa1+ 17. Kf2 Qd4+ $19)) 14... Nc6 15. f4 (15. Bc3 $142 $5 Nb4 16. Bc4 d5 $5 (
16... d6 17. Qb3 $36) 17. exd5 Bf5 $13) (15. Ne2 {Speelman} c4 $5 {Kazhgaleyev}
) 15... Nb4 $1 16. Nf3 (16. Bc4 {Speelman} d5 17. exd5 Bf5 $13) 16... Nxd5 $6 (
16... Be7 $5 $15) 17. exd5 Be7 (17... Bd6 18. Qe2+ Kd8 19. O-O-O Re8 20. Ne5
$40) (17... d6 18. Qe2+ $44) (17... Qxb2 $2 18. Qe2+ Be7 $8 (18... Kd8 19. Ba5+
) 19. O-O $32 {[%csl Re7] ->עe8}) 18. Qe2 Qd6 {There is no other way to
finish development.} 19. O-O (19. Bc3 {Speelman} O-O 20. Rd1 Bf6 21. Be5) 19...
O-O (19... Qxd5 $6 20. Rfe1 Qe6 21. Qd3 Qg6 22. f5 $40) 20. Bc3 $44 Bf6 21. Be5
$5 (21. Bxf6 Qxf6 {[%cal Yd7d6,Yc8g4] /\d6,Bf5-/+}) 21... Qe7 ({Interesting
was also} 21... Bxe5 22. fxe5 $5 (22. Nxe5 Qxd5 $17) (22. Qxe5 Qxe5 23. fxe5 b6
$15) 22... Qxd5 (22... Qh6 {Speelman}) 23. Rad1 $44 {[%csl Rc8] @ץc8}) (21...
Qxd5 22. Bxf6 gxf6 23. Nh4 $36) 22. d6 {() Now White has space and attacking
chances for only one pawn.} Qe6 23. Qe4 (23. Rae1 {Speelman} b6 24. Qc2 Bxe5)
23... Bxe5 (23... Rb8 $5 $13 {/\b6,Bb7}) 24. fxe5 f5 $1 (24... f6 $2 25. Ng5 $1
fxg5 26. Rxf8+ Kxf8 27. Qxh7 $18) 25. Qe3 b6 26. Ng5 (26. b4 {Speelman}) 26...
Qg6 27. b4 $5 Ba6 (27... cxb4 28. Rac1 {[%cal Rc1c7] /\Rc7~/=}) 28. Rf2 f4 $5 (
28... cxb4 29. Nh3 $5 $13) 29. Rxf4 (29. Qb3+ $5 {Speelman intending} c4 (29...
Kh8 30. Nf3) 30. Qa4 Qxg5 31. Qxa6 Qxe5 (31... Rac8) 32. Qxc4+ Kh8 33. Rd1)
29... Rxf4 30. Qxf4 Rf8 31. Qd2 (31. Qe3 {Speelman} h6 32. Ne4 {Fritz} (32. Nf3
Bb7 33. Rf1 Bxf3 34. Rxf3 Qb1+ 35. Kf2 Qxa2+ 36. Kg3 $17) 32... Bb7 33. Re1 (
33. Ng3 cxb4 $17)) 31... h6 (31... Bd3 $5 $132) (31... cxb4 $142 32. Qd5+ (32.
e6 $2 Qf6 33. Re1 Qf1+ $1 34. Rxf1 Rxf1#) 32... Kh8 33. Nf3 Rc8 $15) 32. Qd5+
Kh8 33. Nf3 (33. e6 $5 {Speelman} Qf6 $5 (33... hxg5 34. e7 Re8) 34. Nf7+ Rxf7
35. exf7 Qxa1+ 36. Kf2 Qf1+ (36... Qf6+ 37. Qf3) 37. Kg3 Bb7 $1 (37... Kh7 $4
38. Qf3 Qe1+ 39. Kh3 Qe6+ 40. g4 $18) 38. Qxb7 (38. Qf3 Qe1+ 39. Qf2 (39. Kh3
Qe6+ 40. g4 Bxf3 41. f8=Q+ Kh7 42. Qxf3 Qxd6) 39... Qe5+ 40. Kh3 Qh5+ 41. Kg3
Qg5+ 42. Kh3 Bxg2+ $1) 38... Qxf7) 33... Be2 (33... cxb4 34. Rc1 $36) (33...
Bb5 $1 {Speelman} 34. e6 Bc6 (34... dxe6 35. Qb7) 35. e7 Rxf3 36. Qxc6 $1 dxc6
37. d7 Re3 38. d8=Q+ Kh7 {is v good for Black} 39. Rf1 (39. bxc5 Re2) 39... Re2
40. Rf2 Qb1+ 41. Rf1 Qe4 $19) 34. Nh4 Qg4 35. g3 c4 $6 (35... cxb4 36. Re1 Bc4
$15) (35... cxb4 {Speelman}) 36. Re1 Bd3 (36... Kh7 {Speelman}) 37. Ng2 Qg5 38.
Ne3 b5 $2 {Zeitnot A tactical mistake, which costs Black the game.} (38... Qh5
$5 $13 {/\} 39. Nxc4 $2 Qf5 $19) (38... Re8 39. Nxc4 Bxc4 40. Qxc4 Rxe5 41.
Rxe5 Qxe5 42. Qc8+ Kh7 $11) 39. Qxb5 Re8 40. Qxd7 Rxe5 (40... Qxe5 41. Nc2 $18)
41. Qxa7 $18 Qd8 (41... c3 42. d7 c2 43. Nxc2 $18) (41... Kh7 $1 {Speelman})
42. Qc7 $1 (42. Qd4 Re6 43. d7 Re7 $14) 42... Qf8 43. d7 (43. Qb6 Re6 $132)
43... Rxe3 44. Rc1 $1 (44. Rxe3 $4 Qf1#) 44... Re8 $8 (44... Qxb4 {Speelman}
45. d8=Q+ Kh7 46. Qf6 {Fritz} (46. Qa5 {JS and Kazh}) 46... Re1+ 47. Kg2 Qd2+
48. Kh3 Bf1+ 49. Qxf1) 45. dxe8=Q Qxe8 46. Qc5 (46. Qf4 Qa4 47. Qd2 Qa7+ 48.
Qf2 Qa3 $132) 46... Qa4 (46... c3 $1 {Speelman} 47. Qf2 (47. Qd4 Qe2 48. Qf2
Qb2 $1) (47. b5 c2 48. b6 Qe2 49. Qf2 Qd1+ 50. Qe1 Qf3) 47... c2 48. Rxc2 $5 (
48. a3) 48... Bxc2 49. Qxc2 Qe1+ 50. Kg2 Qxb4) 47. b5 Qxa2 (47... Qa5 {Speelman
} 48. a4) 48. b6 Qb2 (48... Be4 49. Qf2 Qb3 50. Re1 $18) (48... Qd2 {Speelman}
49. Qf8+ Kh7 50. Qf4 Qb2 51. Qe3) 49. Re1 (49. Qe3 $2 {Speelman} Be4 $1 50. Kf1
) 49... Kh7 50. g4 $1 {White wants to create more space for his K to evade
checks.} Bg6 (50... c3 51. Qd4 {[%cal Re1e7] /\Re7+-}) 51. h3 (51. h4 $6 {
Speelman} Qd2 (51... Qc3 52. Qe3) 52. Qe3 Qd7 {with counterplay though perhaps
then} 53. Qe6 {Fritz}) 51... Qb3 (51... c3 {Speelman} 52. Qd4 Bf7 53. Re7 Qb3 (
53... Qb1+ 54. Kf2 c2 55. Rxf7 c1=Q 56. Qxg7#) 54. Rxf7 $5 (54. Qe4+ Bg6 55.
Qe5 Bf7 56. Qf5+ Bg6 57. Qf6) 54... Qxf7 55. Qxc3 $18) 52. Re3 Qb1+ 53. Kf2 {
xpawn c4} (53. Kh2 {Speelman} Be4 {and if} 54. Rxe4 Qxe4 55. Qf5+ Qxf5 56. gxf5
c3) 53... Bd3 (53... Be4 {Speelman} 54. Rxe4 $1 Qxe4 55. Qf5+ Qxf5+ 56. gxf5 c3
57. Ke3) (53... Qh1 {Speelman} 54. Qxc4 Qh2+ 55. Ke1 Qg1+ 56. Kd2 Qf2+ 57. Qe2
Qf6 58. Re6 Qd4+ 59. Ke1 Qg1+ 60. Qf1 Qg3+ 61. Kd2 (61. Qf2 Qc3+ 62. Qd2 (62.
Kf1 Qc4+ 63. Re2 Bd3) 62... Qg3+) 61... Qb3 62. Rxg6 $1 $18) 54. Re7 Qh1 (54...
Qf1+ 55. Kg3 $18) 55. Qe5 $1 {Now Black has some checks, but White's K escapes
to the other end of the board and the game is over.} (55. Qd4 $2 Qh2+ 56. Ke1
Qh1+ 57. Kd2 Qg2+ $11 58. Kc3 $2 (58. Ke1 $11) 58... Qc2+ 59. Kb4 Qb3+ (59...
Qb2+ {Speelman} 60. Kc5 Qa3+ 61. Kc6 Qxe7) 60. Kc5 Qa3+ $19) 55... Qf1+ 56. Ke3
Qg1+ (56... Qe2+ 57. Kd4 Qf2+ 58. Kd5 $18) (56... Qxh3+ {Speelman} 57. Kd4
Qxg4+ 58. Kc3 Qg2 59. Rxg7+) 57. Kd2 Qf2+ 58. Kc3 Qc2+ 59. Kb4 Qb3+ 60. Kc5
Qa3+ 61. Kc6 (61. Kc6 Qa8+ (61... Qa4+ 62. Kc7) 62. b7 Qa6+ 63. Kc7 $18) 1-0

[Event "PRO League Eastern"]
[Site "chess.com INT"]
[Date "2017.01.18"]
[Round "2"]
[White "Swapnil, S Dhopade"]
[Black "Vaibhav, Suri"]
[Result "1-0"]
[WhiteElo "2527"]
[BlackElo "2552"]
[PlyCount "90"]
[EventDate "2017.01.11"]
[EventType "team-swiss (rapid)"]
[EventRounds "7"]
[EventCountry "USA"]
[SourceTitle "CBM 176 Extra"]
[Source "ChessBase"]
[SourceDate "2017.03.02"]
[SourceVersion "1"]
[SourceVersionDate "2017.03.02"]
[SourceQuality "1"]
[WhiteTeam "Mumbai Movers"]
[BlackTeam "Delhi Dynamite"]
[WhiteTeamCountry "IND"]
[BlackTeamCountry "IND"]

1. d4 Nf6 2. Bg5 e6 3. e4 h6 4. Bxf6 Qxf6 5. c3 b6 6. Bd3 Bb7 7. Ne2 c5 8. O-O
Nc6 9. e5 Qd8 10. Nd2 cxd4 11. cxd4 Be7 12. Rc1 O-O 13. Bb1 Rc8 14. Ne4 Ba6 15.
N4c3 d6 16. Qa4 Bb7 17. Be4 a6 18. exd6 Qxd6 19. d5 Ne5 20. dxe6 Rc4 21. exf7+
Rxf7 22. Qxc4 Nxc4 23. Bxb7 Nd2 24. Rfd1 Bh4 25. Bd5 Bxf2+ 26. Kh1 Be3 27.
Bxf7+ Kxf7 28. Ne4 Qd3 29. N2g3 Nxe4 30. Rc7+ Kg6 31. Rxd3 Nf2+ 32. Kg1 Nxd3+
33. Kf1 Nxb2 34. Ke2 Bg1 35. Rc6+ Kf7 36. Nf5 Na4 37. h3 Bc5 38. Kd3 Bf8 39.
Kc2 g6 40. Nd6+ Ke6 41. Nc4+ Kd5 42. Rf6 Be7 43. Ne3+ Kd4 44. Rxg6 Bc5 45. Nf5+
Ke5 1-0

[Event "Wch Blitz 9th"]
[Site "Berlin"]
[Date "2015.10.14"]
[Round "21"]
[White "Swiercz, Dariusz"]
[Black "Nguyen, Ngoc Truong Son"]
[Result "1-0"]
[WhiteElo "2620"]
[BlackElo "2634"]
[PlyCount "107"]
[EventDate "2015.10.13"]
[EventType "swiss (blitz)"]
[EventRounds "21"]
[EventCountry "GER"]
[SourceTitle "CBM 168 Extra"]
[Source "ChessBase"]
[SourceDate "2015.10.29"]
[SourceVersion "1"]
[SourceVersionDate "2015.10.29"]
[SourceQuality "1"]

1. d4 Nf6 2. Bg5 d5 3. e3 c5 4. c3 Qb6 5. Qb3 Nc6 6. Nd2 Bf5 7. Ngf3 e6 8. Be2
c4 9. Qxb6 axb6 10. a3 b5 11. Rc1 Nd7 12. Bd1 Bd3 13. Bc2 Bxc2 14. Rxc2 b4 15.
Ke2 bxa3 16. bxa3 Bxa3 17. Ra1 f6 18. Bh4 b5 19. Rca2 b4 20. cxb4 Nxb4 21. Rxa3
Rxa3 22. Rxa3 Ke7 23. Bg3 Rc8 24. Nb1 Rc6 25. Nc3 Rb6 26. Ne1 Nc6 27. Ra2 Rb3
28. Nd1 e5 29. Nc2 Nb6 30. Rb2 Na4 31. Rxb3 cxb3 32. Na3 e4 33. Kd2 Nb4 34. Nc3
Nb6 35. Ncb5 Kd7 36. Kc3 Nd3 37. Kxb3 f5 38. Nc3 g5 39. Ne2 Nc8 40. Nb5 Ne7 41.
Nbc3 Ke6 42. h4 h6 43. hxg5 hxg5 44. Nb5 Kd7 45. Kc3 Ng6 46. f4 gxf4 47. Nxf4
Ngxf4 48. Bxf4 Kc6 49. Na3 Ne1 50. g3 Nd3 51. Nc2 Kb5 52. Kd2 Kc4 53. Ne1 Nb4
54. Ng2 1-0

[Event "POL-UKR m rapid 6th"]
[Site "Lublin"]
[Date "2014.05.11"]
[Round "3.1"]
[White "Swiercz, Dariusz"]
[Black "Moiseenko, Alexander"]
[Result "1-0"]
[WhiteElo "2608"]
[BlackElo "2707"]
[PlyCount "111"]
[EventDate "2014.05.11"]
[EventType "schev (rapid)"]
[EventRounds "4"]
[EventCountry "POL"]
[SourceTitle "CBM 160 Extra"]
[Source "ChessBase"]
[SourceDate "2014.07.01"]
[SourceVersion "1"]
[SourceVersionDate "2014.07.01"]
[SourceQuality "1"]
[WhiteTeam "Poland"]
[BlackTeam "Ukraina"]
[WhiteTeamCountry "POL"]
[BlackTeamCountry "UKR"]

1. d4 Nf6 2. Bg5 d5 3. e3 Nbd7 4. Nf3 e6 5. Bd3 h6 6. Bh4 Be7 7. Nbd2 b6 8. O-O
Bb7 9. a4 c5 10. c3 O-O 11. a5 Ne4 12. Bxe7 Qxe7 13. Qc2 f5 14. Bb5 Nd6 15. a6
Nxb5 16. axb7 Rab8 17. dxc5 Nxc5 18. Nd4 Qd7 19. Nxb5 Qxb5 20. Rxa7 Rxb7 21.
Rxb7 Nxb7 22. Nf3 Ra8 23. Nd4 Qd7 24. c4 Rc8 25. Qb3 Rxc4 26. Qxb6 Nd6 27. h3
Rc7 28. b3 Rb7 29. Qa6 Ra7 30. Qb6 Rb7 31. Qa5 Ra7 32. Qc5 Rc7 33. Qa3 Ra7 34.
Qb2 Nb5 35. Nf3 Qd6 36. Rc1 Kh7 37. Qe2 Rc7 38. Rxc7 Nxc7 39. Nd4 Qc5 40. g3
Qd6 41. Qa2 Qb6 42. Qa4 Qd6 43. Qa7 h5 44. h4 Kh6 45. b4 g6 46. b5 e5 47. b6
exd4 48. Qxc7 Qb4 49. Qf4+ Kh7 50. Qxd4 Qb1+ 51. Kg2 Qb5 52. Qf6 Qb1 53. Qe7+
Kh6 54. b7 Qb6 55. Qf8+ Kh7 56. b8=Q 1-0